Un momento I / (Registro nro. 8089)

Detalles MARC
000 -LEADER
fixed length control field 00822nam a2200277 a 4500
001 - CONTROL NUMBER
control field 000033406
003 - CONTROL NUMBER IDENTIFIER
control field DO-SdBNP
005 - DATE AND TIME OF LATEST TRANSACTION
control field 20171018081051.0
007 - PHYSICAL DESCRIPTION FIXED FIELD--GENERAL INFORMATION
fixed length control field 000033406
008 - FIXED-LENGTH DATA ELEMENTS--GENERAL INFORMATION
fixed length control field 110826s2010 dr 000 0 spa d
040 ## - CATALOGING SOURCE
Original cataloging agency BPMSU
Language of cataloging spa
Transcribing agency BPMSU
082 #4 - DEWEY DECIMAL CLASSIFICATION NUMBER
Classification number 248.4
Item number R788u
100 1# - MAIN ENTRY--PERSONAL NAME
Personal name Rosa y Carpio, Ramón Benito de
Dates associated with a name 1939-
245 10 - TITLE STATEMENT
Title Un momento I /
Statement of responsibility, etc. Ramón Benito de la Rosa Carpio.
250 ## - EDITION STATEMENT
Edition statement 3ra ed.
260 ## - PUBLICATION, DISTRIBUTION, ETC. (IMPRINT)
Place of publication, distribution, etc. Santo Domingo :
Name of publisher, distributor, etc. Vásquez Editores
Date of publication, distribution, etc. 2010.
300 ## - PHYSICAL DESCRIPTION
Extent 256 p. ;
Dimensions 23 cm.
490 1# - SERIES STATEMENT
Series statement Libros de la Rosa
500 ## - GENERAL NOTE
General note Incluye datos biográficos del autor en la solapa
650 ## - SUBJECT ADDED ENTRY--TOPICAL TERM
Topical term or geographic name as entry element ENSAYOS DOMINICANOS
650 ## - SUBJECT ADDED ENTRY--TOPICAL TERM
Topical term or geographic name as entry element LITERATURA DOMINICANA
830 #0 - SERIES ADDED ENTRY--UNIFORM TITLE
Uniform title Libros de la Rosa
942 ## - ADDED ENTRY ELEMENTS (KOHA)
Source of classification or shelving scheme Dewey Decimal Classification
Koha item type Libros
945 ## - LOCAL PROCESSING INFORMATION (OCLC)
a Inventariado / 2017 VM
956 ## - LOCAL ELECTRONIC LOCATION AND ACCESS (OCLC)
Host name VMATEO
Access number 10
Compression information 20150806
Logon BPMSU
Processor of request 00151
Existencias
Withdrawn status Lost status Source of classification or shelving scheme Damaged status Not for loan Collection code Home library Current library Date acquired Source of acquisition Total Checkouts Full call number Barcode Date last seen Price effective from Koha item type Copy number
    Dewey Decimal Classification     Colección Dominicana Biblioteca Pública Metropolitana Salomé Ureña Biblioteca Pública Metropolitana Salomé Ureña 08/06/2015 Fundación Educativa y Cultural (FUNDI)   248.4 R788u BPMSU15080101 08/06/2015 08/06/2015 Libros  
    Dewey Decimal Classification     Colección Dominicana Biblioteca Pública Metropolitana Salomé Ureña Biblioteca Pública Metropolitana Salomé Ureña 08/06/2015 Fundación Educativa y Cultural (FUNDI)   248.4 R788u BPMSU15080102 08/06/2015 08/06/2015 Libros e. 2
    Dewey Decimal Classification     Colección Dominicana Biblioteca Pública Metropolitana Salomé Ureña Biblioteca Pública Metropolitana Salomé Ureña 08/06/2015 Fundación Educativa y Cultural (FUNDI)   248.4 R788u BPMSU15080103 08/06/2015 08/06/2015 Libros e. 3